000 00646cab a2200229 4500
001 ABS40445
008 090401t1989 xxu||||| |||| 00| 0 eng d
035 _a(Sirsi) u23937
041 _aeng
100 _aJones, H.
245 _aDriven underground
260 _c1989
350 _a0
490 _aNew Civil Engineer
_v(831) 16 March 1989, 24-26(3)
520 _aExamines the civil engineering problems in the design and construction of British Rail`s high speed Channel Tunnel rail link .
650 _aRAILWAYS
650 _aTRANSPORT
690 _aBUILT ENVIRONMENT
700 _aFowler, D.
942 _n0
948 _c04/03/1997
999 _c16026
_d16026